000 00470nam a2200169Ia 4500
003 GCL
008 140319s9999 xx 000 0 eng d
040 _aGCL /
_cGCL
082 0 4 _a812
_bM E
100 1 _aMATHISON, RICHARD R.
245 1 0 _aTHE ETERNAL SEARCH: THE STORY OF MAN AND HIS DRUGS /
_cMATHISON, RICHARD R.
260 _a[S.N] :
_bG.P. PUTNAM'S SONS ،
_c1958
300 _a381 P
650 0 4 _aLITERATURE
650 0 4 _aAMERICAN LITERATURE
942 _2ddc
_cBK
999 _c11356
_d11356